Central Library OPAC University of Rajshahi

Gulliver's travels / (Record no. 19342)

MARC details
000 -LEADER
fixed length control field 00736nam a2200241 a 4500
001 - CONTROL NUMBER
control field 19342
003 - CONTROL NUMBER IDENTIFIER
rucl marc code BD-RjUL
005 - DATE AND TIME OF LATEST TRANSACTION
control field 20211209000423.0
008 - FIXED-LENGTH DATA ELEMENTS--GENERAL INFORMATION
fixed length control field 140224r19811953xx a 000 1 eng d
035 ## - SYSTEM CONTROL NUMBER
System control number 0904651096
-- (BD-RjUL)19401
System control number (OCoLC)863353781
040 ## - CATALOGING SOURCE
Original cataloging agency DLC
Transcribing agency DLC
Modifying agency EQO
-- BD-RjUL
Language of cataloging eng
041 ## - LANGUAGE CODE
Language code of text/sound track or separate title eng
082 ## - DEWEY DECIMAL CLASSIFICATION NUMBER
Classification number 823.5
Author mark and year SWG 1981
100 1# - MAIN ENTRY--PERSONAL NAME
Personal name Swift, Jonathan,
Dates associated with a name 1667-1745.
9 (RLIN) 59484
245 10 - TITLE STATEMENT
Title Gulliver's travels /
Statement of responsibility, etc. Jonathan Swift , with an introduction by peter quennell.
260 ## - PUBLICATION, DISTRIBUTION, ETC. (IMPRINT)
Place of publication, distribution, etc. Collins :
Name of publisher, distributor, etc. Rupa,
Date of publication, distribution, etc. 1953 [reprinted 1981]
300 ## - PHYSICAL DESCRIPTION
Pagination 320 p. :
Illustrations ill ;
Size 19 cm
650 ## - SUBJECT ADDED ENTRY--TOPICAL TERM
Topical term or geographic name as entry element Voyages, Imaginary
Form subdivision Fiction.
9 (RLIN) 59485
942 ## - ADDED ENTRY ELEMENTS (KOHA)
Source of classification or shelving scheme Dewey Decimal Classification
Koha item type Books
Holdings
Lost status Source of classification or shelving scheme Damaged status Not for loan Collection code Permanent Location Current Location Shelving location Date acquired Source of acquisition Cost, normal purchase price Total Checkouts Full call number Date last seen Copy number Koha item type
  Dewey Decimal Classification   Not For Loan Fiction Central Library, University of Rajshahi Central Library, University of Rajshahi Reading Room 18/07/1983 Abgah l.b. 45.00   823.5 SWG 1981 24/02/2014 C-1 Books